Experimental study of the nonlinear diffusion of a magnetic field and skin explosion of cylindrical conductors; Physics of Plasmas; Vol. 22, № 11

書誌詳細
Parent link:Physics of Plasmas
Vol. 22, № 11.— 2015.— [112704, 11 р.]
団体著者: Национальный исследовательский Томский политехнический университет (ТПУ) Институт неразрушающего контроля (ИНК) Кафедра физических методов и приборов контроля качества (ФМПК)
その他の著者: Chaikovsky S. A., Oreshkin V. I. Vladimir Ivanovich, Datsko I. M., Labetskaya N. A. Nataljya Anatoljevna, Rybka D. V. Dmitry Vladimirovich, Ratakhin N. A. Nikolay Aleksandrovich
要約:Title screen
The paper presents the results of an experimental study of the skin explosion of cylindricalconductors of diameter 1-3 mm (copper, aluminum, titanium, steel 3, and stainless steel) at a peak magnetic field of 200-600 T. The experiments were carried out on the MIG pulsed power generator at a current of up to 2.5 MA and a current rise time of 100 ns. The surface explosion of a conductor was identified by the appearance of a flash of extreme ultraviolet radiation. A minimum magnetic induction has been determined below which no plasma is generated at theconductor surface. For copper, aluminum, steel 3, titanium, and stainless steel, the minimummagnetic induction has been estimated to be (to within 10%) 375, 270, 280, 220, and 245 T, respectively.
Режим доступа: по договору с организацией-держателем ресурса
言語:英語
出版事項: 2015
主題:
オンライン・アクセス:http://dx.doi.org/10.1063/1.4935401
フォーマット: 電子媒体 図書の章
KOHA link:https://koha.lib.tpu.ru/cgi-bin/koha/opac-detail.pl?biblionumber=645708

MARC

LEADER 00000nla0a2200000 4500
001 645708
005 20250327155205.0
035 |a (RuTPU)RU\TPU\network\10799 
035 |a RU\TPU\network\10779 
090 |a 645708 
100 |a 20160119d2015 k||y0rusy50 ba 
101 0 |a eng 
102 |a US 
135 |a drcn ---uucaa 
181 0 |a i  
182 0 |a b 
200 1 |a Experimental study of the nonlinear diffusion of a magnetic field and skin explosion of cylindrical conductors  |f S. A. Chaikovsky [et al.] 
203 |a Text  |c electronic 
300 |a Title screen 
320 |a [References: 42 tit.] 
330 |a The paper presents the results of an experimental study of the skin explosion of cylindricalconductors of diameter 1-3 mm (copper, aluminum, titanium, steel 3, and stainless steel) at a peak magnetic field of 200-600 T. The experiments were carried out on the MIG pulsed power generator at a current of up to 2.5 MA and a current rise time of 100 ns. The surface explosion of a conductor was identified by the appearance of a flash of extreme ultraviolet radiation. A minimum magnetic induction has been determined below which no plasma is generated at theconductor surface. For copper, aluminum, steel 3, titanium, and stainless steel, the minimummagnetic induction has been estimated to be (to within 10%) 375, 270, 280, 220, and 245 T, respectively. 
333 |a Режим доступа: по договору с организацией-держателем ресурса 
461 |t Physics of Plasmas 
463 |t Vol. 22, № 11  |v [112704, 11 р.]  |d 2015 
610 1 |a электронный ресурс 
610 1 |a труды учёных ТПУ 
610 1 |a диффузия 
610 1 |a магнитные поля 
610 1 |a проводники 
701 1 |a Chaikovsky  |b S. A. 
701 1 |a Oreshkin  |b V. I.  |c specialist in the field of non-destructive testing  |c Senior researcher of Tomsk Polytechnic University, Doctor of physical and mathematical sciences  |f 1960-  |g Vladimir Ivanovich  |3 (RuTPU)RU\TPU\pers\33779 
701 1 |a Datsko  |b I. M. 
701 1 |a Labetskaya  |b N. A.  |g Nataljya Anatoljevna 
701 1 |a Rybka  |b D. V.  |g Dmitry Vladimirovich 
701 1 |a Ratakhin  |b N. A.  |c physicist  |c Head of the Department of Tomsk Polytechnic University, Doctor of physical and mathematical sciences  |f 1950-  |g Nikolay Aleksandrovich  |3 (RuTPU)RU\TPU\pers\36686 
712 0 2 |a Национальный исследовательский Томский политехнический университет (ТПУ)  |b Институт неразрушающего контроля (ИНК)  |b Кафедра физических методов и приборов контроля качества (ФМПК)  |3 (RuTPU)RU\TPU\col\18709 
801 2 |a RU  |b 63413507  |c 20170202  |g RCR 
856 4 |u http://dx.doi.org/10.1063/1.4935401 
942 |c CF